000 00452nam a2200181Ia 4500
001 8873
005 20260306160642.0
008 260306t2017||||xx |||||||||||||| ||spa||
041 _aESP
082 _a371.782
_bM26
100 _aMartínez Rodríguez, José Antonio
_eAUT
245 0 _aAcoso escolar:
_bbullying y ciberbullying
260 _c2017
300 _a194 páginas :
_c24 cm.
650 _aGEN
654 _aCED
942 _cLIB
_dJUS
_fJUS
_2ddc
_n
999 _c8873
_d8873